|
|
|
|
| LEADER |
00000nam a2200000 i 4500 |
| 001 |
1/82413 |
| 008 |
980219s1995 fre d |
| 020 |
|
|
|a 2-221-07599-4
|
| 035 |
|
|
|a 1997
|b 3
|c Αγορά/Χριστοδουλίδου
|l 10033940
|
| 040 |
|
|
|a GR-MY-UA
|b gre
|e aacr
|
| 041 |
0 |
|
|a fre
|
| 082 |
0 |
|
|a 883.01
|
| 100 |
1 |
|
|a Όμηρος
|d 8ος αι. π.Χ.
|
| 245 |
1 |
0 |
|a L'Iliade ; L'Odyssee /
|c Homere ; traduit par Louis Bardollet
|
| 260 |
|
|
|a Paris :
|b Laffont,
|
| 300 |
|
|
|a 788 p.
|
| 490 |
1 |
|
|a Bouquins
|
| 650 |
0 |
0 |
|a Epic poetry, Greek.
|
| 700 |
1 |
|
|a Bardollet, Louis.
|4 trl
|
| 830 |
|
0 |
|a Bouquins
|
| 852 |
|
|
|a INST
|b RHODES
|e 19980219
|h 883.01 HOM
|p 005400011121
|q 005400011121
|t BK
|y 0
|
| 901 |
|
|
|a BIBL-1998-1
|
| 909 |
|
|
|a Ρ
|b 052438
|c 1997
|